[Event "ch-SRB w"]
[Site "Kac SRB"]
[Date "2008.03.30"]
[Round "2"]
[White "Jovanovic,Vi"]
[Black "Mladenovic,J"]
[Result "1/2-1/2"]
[WhiteElo "2175"]
[BlackElo "2114"]

1.Nf3 d5 2.c4 dxc4 3.e3 g6 4.Bxc4 Bg7 5.O-O Nf6 6.Qe2 O-O 7.d4 Bg4 8.h3 Bxf3
9.Qxf3 Nc6 10.Bb5 Qd5 11.Qxd5 Nxd5 12.Bxc6 bxc6 13.Nd2 e5 14.dxe5 Bxe5 15.Nc4 Bg7
16.Bd2 Nb6 17.Rac1 Rfd8 18.Ba5 Rd5 19.Bb4 c5 20.Ba5 Nxc4 21.Rxc4 Bxb2 22.Bxc7 Rc8
23.Rb1 Rxc7 24.Rxb2 Rd1+ 25.Kh2 Rd3 26.Rbc2 Ra3 27.Kg3 Rc6 28.Rd2 Kg7 29.Kf3 Rca6
30.Rcc2 c4 31.Kf4 c3 32.Re2 Kf6 33.e4 h6 34.Ke3 Ke6 35.Kd4 g5 36.f3 Rd6+
37.Kc4 Ke5 38.Kb4 Rda6 39.Kc4 Rc6+ 40.Kb4 Rca6 41.Kc4 h5 42.Kd3 h4 43.Ke3 Rd6
44.Rf2 Rd1 45.Rfe2 a6 46.Rf2 Rb1 47.Kd3 Rb2 48.Rxb2 cxb2+ 49.Kc2 Rxa2 50.Kb1 Ra5
51.Kxb2 Rc5 52.Ka3 a5 53.Rd2 f6 54.Ka4 Kf4 55.Rd6 Ke5 56.Rd2 Kf4 57.Rd6  1/2-1/2

[Event "Sozina Open"]
[Site "Bar MNE"]
[Date "2008.04.01"]
[Round "5"]
[White "Todorovic,GN"]
[Black "Damjanovic,D"]
[Result "1-0"]
[WhiteElo "2396"]
[BlackElo "2301"]

1.Nf3 d5 2.c4 c6 3.g3 Bg4 4.Bg2 Nd7 5.cxd5 cxd5 6.Nc3 e6 7.Qa4 Bh5 8.Ne5 f6
9.Qh4 Nxe5 10.Qxh5+ g6 11.Qh4 f5 12.Qa4+ Kf7 13.d3 Nf6 14.O-O a6 15.Bf4 Bd6
16.Qb3 b5 17.e4 Nxd3 18.Bxd6 Qxd6 19.exd5 exd5 20.Nxd5 Nc5 21.Qf3 Nce4 22.Nxf6 Kxf6
23.Qe3 Rhe8 24.Rad1 Qe5 25.Bxe4 Qxe4 26.Qc3+ Qe5 27.Rd6+ Kg7 28.Rd7+ Kg8
29.Qc6 Qe6 30.Qb7 Rab8 31.Qa7 Ra8 32.Qd4 Qe5 33.Qxe5 Rxe5 34.Rc1 f4 35.Kg2 fxg3
36.hxg3 Re2 37.Rcc7 h5 38.Rg7+ Kh8 39.Rh7+ Kg8 40.Rcg7+ Kf8 41.b4 Re6 42.Kh3 Rae8  1-0

[Event "ch-SRB w"]
[Site "Kac SRB"]
[Date "2008.04.01"]
[Round "4"]
[White "Jovanovic,Vi"]
[Black "Djukic,Sa"]
[Result "1-0"]
[WhiteElo "2175"]
[BlackElo "2204"]

1.Nf3 d5 2.c4 c6 3.e3 Nf6 4.Nc3 e6 5.Qc2 Nbd7 6.b3 Bd6 7.Be2 O-O 8.O-O e5
9.cxd5 Nxd5 10.Ne4 Be7 11.Ng3 Re8 12.Bb2 Bf8 13.d4 exd4 14.Nxd4 g6 15.Rfd1 Qe7
16.Bf3 Nb4 17.Qc3 Ne5 18.a3 c5 19.Nb5 Bg7 20.Kh1 Na6 21.Nd6 Rf8 22.Bd5 Bg4
23.f3 Rad8 24.Nc4 Nc7 25.Bxb7 Nb5 26.Qa5 Rxd1+ 27.Rxd1 Qxb7 28.Nxe5 Bxe5
29.Bxe5 Bxf3 30.Rd8 Bxg2+ 31.Kg1 Bc6 32.Rxf8+ Kxf8 33.Qd8+ Be8 34.a4 Qf3
35.Bf4 Kg7 36.axb5 Bxb5 37.Nf5+  1-0

[Event "Spring Open"]
[Site "Belgrade SCG"]
[Date "2008.04.02"]
[Round "9"]
[White "Svetac,N"]
[Black "Jovanovic,SM"]
[Result "0-1"]
[WhiteElo "2341"]
[BlackElo "2333"]

1.Nf3 d5 2.c4 c6 3.b3 Bg4 4.Bb2 Nd7 5.d3 dxc4 6.bxc4 Qc7 7.Nbd2 e5 8.h3 Bxf3
9.Nxf3 Bb4+ 10.Nd2 Ngf6 11.a3 Ba5 12.Qc2 O-O-O 13.O-O-O Bxd2+ 14.Rxd2 Nc5
15.e3 Qa5 16.Rd1 Na4 17.Be2 Rhe8 18.Qb3 Kb8 19.Qb4 Qa6 20.Rd2 c5 21.Qb5 Qxb5
22.cxb5 c4 23.Ba1 Nc5 24.Kc2 cxd3+ 25.Bxd3 Rc8 26.Bf5 Rc7 27.Kb1 Nce4 28.Bxe4 Nxe4  0-1

[Event "3rd Open"]
[Site "Kolkata IND"]
[Date "2008.04.02"]
[Round "10"]
[White "Adly,A"]
[Black "Laznicka,V"]
[Result "0-1"]
[WhiteElo "2551"]
[BlackElo "2595"]

1.Nf3 d5 2.c4 c6 3.b3 Nf6 4.Bb2 Bf5 5.g3 e6 6.Bg2 Be7 7.O-O O-O 8.d3 h6 9.Nbd2 Nbd7
10.Qc2 a5 11.a3 Bh7 12.Rac1 Rc8 13.Qb1 Qb6 14.Qa1 Rfe8 15.Bc3 Bd6 16.b4 axb4
17.axb4 Bxb4 18.Bxb4 Qxb4 19.Rb1 Qd6 20.Rxb7 e5 21.Ra7 e4 22.dxe4 dxe4 23.Qd4 Re6
24.c5 Qb8 25.Rxd7 Nxd7 26.Bh3 Nf8 27.Nh4 Rd8 28.Qe3 Re5 29.Nc4 Red5 30.Nb6 Rg5
31.f4 exf3 32.Nxf3 Re8 33.Qd4 Rg6 34.Ra1 Rxg3+ 35.hxg3 Qxg3+ 36.Bg2 Rxe2
37.Nh4 g5 38.Nd7 Nxd7 39.Ra8+ Nf8 40.Rxf8+ Kxf8 41.Qh8+ Ke7  0-1

[Event "ch-SRB w"]
[Site "Kac SRB"]
[Date "2008.04.03"]
[Round "6"]
[White "Jovanovic,Vi"]
[Black "Manakova,M"]
[Result "0-1"]
[WhiteElo "2175"]
[BlackElo "2331"]

1.Nf3 d5 2.c4 e6 3.g3 Nf6 4.Bg2 Be7 5.O-O O-O 6.d4 dxc4 7.Ne5 c5 8.dxc5 Qc7
9.Nxc4 Rd8 10.Qb3 Bxc5 11.Nc3 Nc6 12.Nb5 Qe7 13.Bf4 Nd5 14.Bxd5 exd5 15.Ne3 Bh3
16.Rfd1 d4 17.Ng2 Qxe2 18.Re1 Qh5 19.Nc7 d3 20.Be3 Bxe3 21.Rxe3 Nd4 22.Qd1 Bg4
23.Qd2 Rac8 24.Nf4 Qe5 25.Rxe5 Nf3+ 26.Kg2 Nxd2 27.Ncd5 Bf3+ 28.Kg1 Nc4 29.Ne7+ Kf8
30.Nxc8 Nxe5  0-1

[Event "Sozina Open"]
[Site "Bar MNE"]
[Date "2008.04.05"]
[Round "9"]
[White "Todorovic,GN"]
[Black "Dabetic,R"]
[Result "1-0"]
[WhiteElo "2396"]
[BlackElo "2333"]

1.Nf3 d5 2.c4 e6 3.g3 c5 4.Bg2 Nc6 5.O-O Nf6 6.b3 Be7 7.e3 O-O 8.Bb2 b6 9.Nc3 Bb7
10.cxd5 exd5 11.d4 Ne4 12.dxc5 Nxc3 13.Bxc3 bxc5 14.Qd2 Qd6 15.Rfd1 Rfd8
16.Qb2 Bf8 17.Rd2 Qe6 18.Rad1 h6 19.Ne1 d4 20.exd4 cxd4 21.Bxd4 Rxd4 22.Rxd4 Nxd4
23.Qxd4 Bxg2 24.Kxg2 a5 25.Qd5 Qb6 26.Nf3 Re8 27.Rd4 Bb4 28.Ne5 Qf6 29.Nd3 Bc3
30.Rf4 Qe7 31.Rc4 Rd8 32.Qf3 Bd2 33.Re4 Qd6 34.Ne5 Qd5 35.Nc4 Bb4 36.Re8+ Kh7
37.Rxd8 Qxd8 38.Qxf7  1-0

[Event "ch-NED"]
[Site "Hilversum NED"]
[Date "2008.04.05"]
[Round "4"]
[White "Bosboom,M"]
[Black "Ernst,S"]
[Result "0-1"]
[WhiteElo "2471"]
[BlackElo "2559"]

1.Nf3 d5 2.c4 c6 3.b3 Nf6 4.Bb2 g6 5.Qc2 Bg7 6.e3 O-O 7.Be2 Bg4 8.h3 Bxf3
9.gxf3 Re8 10.f4 c5 11.cxd5 Qxd5 12.Rg1 Nc6 13.a3 Rac8 14.d3 e5 15.f5 Nd4
16.exd4 cxd4 17.Qd1 e4 18.fxg6 hxg6 19.Kf1 e3 20.Bf3 Qf5 21.Rg2 Qxh3 22.Kg1 Bh6
23.Bxd4 e2 24.Bxe2 Rc1 25.Qxc1 Bxc1 26.Nc3 Bb2 27.Ra2 Rxe2 28.Nxe2 Bxd4 29.Nxd4 Qxd3  0-1

[Event "10th Open"]
[Site "Dubai UAE"]
[Date "2008.04.06"]
[Round "1"]
[White "Pantsulaia,L"]
[Black "Bajarani,U"]
[Result "1-0"]
[WhiteElo "2617"]
[BlackElo "2234"]

1.Nf3 d5 2.c4 c6 3.g3 Nf6 4.Bg2 g6 5.b3 Bg7 6.Bb2 O-O 7.d3 Bg4 8.Nbd2 Nbd7
9.O-O Bxf3 10.Nxf3 Ne8 11.Bxg7 Kxg7 12.e4 dxe4 13.dxe4 e5 14.Bh3 Nef6 15.Bxd7 Qxd7
16.Nxe5 Qxd1 17.Rfxd1 Nxe4 18.Rd4 Nf6 19.Rad1 Rfe8 20.f4 h5 21.h3 Re7 22.Kg2 Rae8
23.Kf3 c5 24.Rd8 g5 25.Rxe8 Nxe8 26.Rd7 g4+ 27.hxg4 hxg4+ 28.Ke3 Kf8 29.Rxe7 Kxe7
30.Nxg4 Nd6 31.Ne5 Nf5+ 32.Kf2 f6 33.Nd3 b6 34.g4  1-0

[Event "II Ruy Lopez IM"]
[Site "Merida ESP"]
[Date "2008.04.06"]
[Round "3"]
[White "Strikovic,A"]
[Black "Rocha,S"]
[Result "1-0"]
[WhiteElo "2530"]
[BlackElo "2412"]

1.Nf3 d5 2.c4 e6 3.g3 Nf6 4.Bg2 Be7 5.O-O O-O 6.d4 dxc4 7.Qa4 a6 8.Qxc4 b5
9.Qc2 Bb7 10.Bd2 Nc6 11.e3 Ra7 12.Rc1 Qa8 13.Ne1 Nb4 14.Bxb4 Bxb4 15.Bxb7 Qxb7
16.Nd3 Ba5 17.Ne5 Bb6 18.Nc6 Raa8 19.Nd2 Rfe8 20.Nf3 Nd5 21.Ng5 Nf6 22.Qe2 h6
23.Nf3 Ne4 24.Nfe5 Nd6 25.Qf3 Qc8 26.b3 f6 27.Nd3 Qd7 28.a4 bxa4 29.bxa4 a5
30.Nc5 Qf7 31.Rab1 Kh8 32.Rb2 Rac8 33.Kg2 Nf5 34.e4 Ne7 35.Ne5 Qg8 36.Ned7 Nc6
37.d5 exd5 38.exd5 Nd4 39.Qh5 Re5 40.Nxe5 Qxd5+ 41.f3 fxe5 42.Ne4 Rf8 43.Rd2 Qe6
44.Rc3 Qe7 45.Rcd3 c5 46.Qg6 c4 47.Rc3 Bc5 48.Rf2 Nf5 49.Re2 Bd4 50.Rxc4 Ne3+
51.Rxe3 Bxe3 52.Nd6 Qd7 53.h4 Bd2 54.Rc2 Bb4 55.Nc4 Qxa4 56.Nxe5 Qb3 57.Qe4 Kg8
58.f4 Qe6 59.Rc6 Qf5 60.Qc4+ Kh7 61.Ra6 Rc8 62.Rc6 Rd8 63.g4 Qb1 64.Nf3 Qd3  1-0

[Event "82nd ch-ARG s/f"]
[Site "Buenos Aires ARG"]
[Date "2008.04.12"]
[Round "3"]
[White "Mareco,S"]
[Black "Bitelmajer,M"]
[Result "1-0"]
[WhiteElo "2470"]
[BlackElo "2322"]

1.Nf3 d5 2.c4 c6 3.d4 Nf6 4.Nc3 g6 5.e3 Bg7 6.Be2 O-O 7.h3 Nbd7 8.O-O b6
9.b3 Bb7 10.Bb2 a6 11.Bd3 b5 12.Qe2 Re8 13.Rfd1 Qb8 14.Rac1 Nh5 15.Qd2 e5
16.cxd5 cxd5 17.dxe5 Nxe5 18.Nxe5 Bxe5 19.Ne2 Nf6 20.Bd4 Bxd4 21.Nxd4 Ne4
22.Qa5 Qe5 23.Bxe4 dxe4 24.Rc7 Bc8 25.Rdc1 Qg5 26.R1c5 Qh4 27.Qc3 Be6 28.Re5 Bxh3
29.Rxe8+ Rxe8 30.gxh3 Qxh3 31.Ne2 Rd8 32.Qc1 h5 33.Ng3 h4 34.Nxe4 Qf3 35.Nd2 Qe2
36.Nf1 Qf3 37.Qc6 Rd5 38.Qc3 Rg5+ 39.Ng3 Qd1+ 40.Kg2 Qd5+ 41.e4 Qxe4+ 42.Kf1 Qe5
43.Ne4 Qxc3 44.Rxc3 Re5 45.f3 f5 46.Ng5 Rd5 47.Rc6 a5 48.Rxg6+ Kf8 49.Rh6 Rd2
50.a4 b4 51.Rxh4 Rb2 52.Rf4  1-0

[Event "Gausdal Classics GMA"]
[Site "Gausdal NOR"]
[Date "2008.04.12"]
[Round "5"]
[White "Moskow,E"]
[Black "Krush,I"]
[Result "1/2-1/2"]
[WhiteElo "2229"]
[BlackElo "2479"]

1.Nf3 d5 2.c4 dxc4 3.Qa4+ Nd7 4.g3 e6 5.Bg2 Nf6 6.O-O a6 7.Qxc4 b5 8.Qc6 Rb8
9.d4 Bb7 10.Qc2 c5 11.a4 Be7 12.axb5 axb5 13.dxc5 Bxc5 14.Bf4 Rc8 15.Qb3 b4
16.Ne5 Bxg2 17.Kxg2 Nxe5 18.Bxe5 O-O 19.Bxf6 Qxf6 20.Nd2 Qe5 21.Rfe1 Qd4
22.e3 Qd7 23.Qd1 Qd5+ 24.Nf3 Qe4 25.Qe2 Be7 26.Rec1 Bf6 27.Kg1 h6 28.Nd2 Qd5
29.Nc4 Rc6 30.Rab1 b3 31.e4 Qb5 32.e5 Bg5 33.f4 Bxf4 34.gxf4 Rfc8 35.Ra1 Rxc4
36.Rxc4 Qxc4 37.Qf2 Qc2 38.Rf1 Qxf2+ 39.Rxf2 Rc2 40.Kg2 Kh7 41.Kf3 Kg6 42.Ke3 Rxf2
43.Kxf2 Kf5 44.Ke3 Kg4 45.Ke4 h5 46.Ke3 h4 47.Ke4 h3 48.Ke3 f5 49.exf6 gxf6
50.Ke4 Kh5 51.Kf3 Kg6 52.Kg4 e5 53.fxe5 fxe5 54.Kxh3 Kf5 55.Kg2 Ke4 56.h4 Kd3
57.h5 e4 58.h6 e3 59.h7 e2 60.h8=Q e1=Q 61.Qf6 Kc2 62.Kh3 Qd2 63.Kg4 Kb1
64.Qe5 Qxb2 65.Qe1+ Ka2 66.Qa5+ Qa3 67.Qd5 Qb4+ 68.Kh5 Ka3 69.Qa8+ Qa4 70.Qf8+ Ka2
71.Qf7 Qd4 72.Qe6 Qd1+ 73.Kh4 Ka1 74.Qa6+ Kb1 75.Qg6+ Kc1 76.Qg5+ Qd2 77.Qg1+ Kc2
78.Qc5+ Kd1 79.Qh5+ Ke1 80.Qe5+ Kd1 81.Qh5+ Kc1 82.Qc5+ Kb1 83.Qg1+  1/2-1/2

[Event "TCh-FRA Top 16 Gp B"]
[Site "Montpellier FRA"]
[Date "2008.04.13"]
[Round "7"]
[White "Guidarelli,L"]
[Black "Hommeles,T"]
[Result "1-0"]
[WhiteElo "2448"]
[BlackElo "2390"]

1.Nf3 d5 2.c4 c6 3.e3 Nf6 4.Qc2 Nbd7 5.b3 e5 6.cxd5 cxd5 7.Be2 Bd6 8.Ba3 Qe7
9.Bxd6 Qxd6 10.Nc3 a6 11.d4 e4 12.Nd2 Nb6 13.a4 Bd7 14.a5 Nc8 15.O-O O-O
16.Rfb1 Qb4 17.Nf1 Na7 18.Qd2 Qe7 19.b4 Rfc8 20.h3 g6 21.b5 axb5 22.Nxb5 Nxb5
23.Bxb5 Ra7 24.Bxd7 Qxd7 25.Rb6 Kg7 26.Qb2 Rc6 27.Rxc6 Qxc6 28.Nd2 Qd6 29.Qb5 h5
30.Nb3 h4 31.Rc1 Ra8 32.Nc5 g5 33.Nxb7 Qe6 34.Rc6 Qf5 35.Nd6 Qg6 36.Rc7 Rf8
37.Qb7 g4 38.hxg4 Nxg4 39.Rxf7+ Kg8 40.Rxf8+ Kxf8 41.a6 Nf6  1-0

[Event "TCh-FRA Top 16 Gp B"]
[Site "Montpellier FRA"]
[Date "2008.04.13"]
[Round "7"]
[White "Roos,Dan"]
[Black "Neiman,E"]
[Result "1-0"]
[WhiteElo "2408"]
[BlackElo "2371"]

1.Nf3 d5 2.c4 c6 3.b3 Bg4 4.Bb2 Bxf3 5.gxf3 e6 6.e3 Nd7 7.Nc3 Qh4 8.f4 Ngf6
9.Qf3 O-O-O 10.Qg3 Qh5 11.cxd5 exd5 12.Qh3 Qg6 13.f5 Qg4 14.Qxg4 Nxg4 15.d4 g6
16.Rc1 Kb8 17.Bd3 Re8 18.Ke2 Ndf6 19.Rcg1 Bd6 20.Nd1 Nh6 21.fxg6 hxg6 22.Bc3 Ne4
23.Be1 Nf5 24.f3 Nxd4+ 25.exd4 Ng3+ 26.Kf2 Nxh1+ 27.Rxh1 Bxh2 28.Bd2 Bc7
29.Rxh8 Rxh8 30.Bf1 Rh4 31.Be3 Bf4 32.Bxf4+ Rxf4 33.Ke3 Rh4 34.Nf2 Kc7 35.b4 g5
36.Bh3 Kb6 37.Bf1 a5 38.a3 Rh8 39.Nd1 Re8+ 40.Kd2 Ra8 41.Nc3 axb4 42.axb4 Kc7
43.Bd3 Rh8 44.b5 Rh2+ 45.Be2 Kd6 46.bxc6 Kxc6 47.Ke3 f5 48.Bb5+ Kd6 49.Be2 f4+
50.Kd3 Kc6 51.Bd1 Rb2 52.Na4 Rf2 53.Nc5 b6 54.Na4 b5 55.Nc5 b4 56.Ba4+ Kd6
57.Bd1 Kc6 58.Ba4+ Kb6 59.Bd1 Ra2 60.Bb3 Ra3 61.Kc2 Kc6 62.Nd3 Kb5 63.Bxd5 Rc3+
64.Kd2 Rc7 65.Nc5 Rh7 66.Kd3 Re7 67.Ne4 Ka4 68.Bc4 Ka3 69.d5 b3 70.Bxb3 Kxb3
71.d6 Rg7 72.Nc5+ Kb4 73.d7 Rg6 74.d8=Q Kxc5 75.Qd4+ Kb5 76.Qc4+ Kb6 77.Qb4+ Kc7
78.Qe7+ Kb6 79.Ke4 Rc6 80.Qxg5 Rc4+ 81.Kf5  1-0

[Event "4th Open"]
[Site "Rhone FRA"]
[Date "2008.04.13"]
[Round "2"]
[White "Fargere,Fr"]
[Black "Bergame,A"]
[Result "1-0"]
[WhiteElo "2367"]
[BlackElo "1934"]

1.Nf3 d5 2.c4 e6 3.d4 h6 4.e3 Nf6 5.Nc3 Be7 6.Bd3 c6 7.O-O Nbd7 8.Qe2 O-O
9.b3 Bd6 10.Bb2 e5 11.cxd5 cxd5 12.Nb5 Bb8 13.Nxe5 Nxe5 14.dxe5 Ne4 15.Rad1 Qh4
16.f3 Ng5 17.Qe1 Qxe1 18.Rfxe1 Bd7 19.Ba3 Rc8 20.Nd6 Rc7 21.Bb1 Bc6 22.Nf5 Rd7
23.Rc1 Bc7 24.Ne7+ Rxe7 25.Bxe7 a5 26.f4 Ne4 27.Bxe4 dxe4 28.Red1 Bb6 29.Bc5 Bc7
30.Rd4 Kh7 31.Kf2 Re8 32.Bd6 Bb6 33.Rdc4 Bb5 34.Rc8 Re6 35.f5 Re8 36.Rxe8 Bxe8
37.e6 fxe6 38.fxe6 Kg6 39.Rc8  1-0

[Event "82nd ch-ARG s/f"]
[Site "Buenos Aires ARG"]
[Date "2008.04.14"]
[Round "5"]
[White "Mareco,S"]
[Black "Mahia,G"]
[Result "0-1"]
[WhiteElo "2470"]
[BlackElo "2432"]

1.Nf3 d5 2.c4 e6 3.d4 Nf6 4.Nc3 Bb4 5.e3 O-O 6.Bd3 c5 7.O-O Nc6 8.a3 Bxc3
9.bxc3 dxc4 10.Bxc4 Qc7 11.Bb2 e5 12.h3 Bf5 13.Qe2 Rfe8 14.Ba2 Rad8 15.d5 Ne7
16.c4 Ng6 17.Nd2 Re7 18.e4 Bc8 19.Rfe1 Ne8 20.Nf1 Nf4 21.Qf3 Rd6 22.Ng3 Rf6
23.Qe3 Nd6 24.Ne2 g5 25.Rad1 Rh6 26.Qg3 Rg6 27.f3 f6 28.Nc3 a6 29.Rd2 Reg7
30.Kf1 h5 31.Ne2 Qd7 32.Qf2 Qd8 33.Nxf4 gxf4 34.Qxc5 Rg3 35.Rf2 Kh7 36.Rd1 Kh6
37.Rdd2 a5 38.a4 b6 39.Qa3 Nxe4 40.fxe4 Rxa3 41.Bxa3 Rg3  0-1

[Event "4th Open"]
[Site "Rhone FRA"]
[Date "2008.04.15"]
[Round "5"]
[White "Goossens,E"]
[Black "Benitah,Y"]
[Result "1/2-1/2"]
[WhiteElo "2278"]
[BlackElo "2425"]

1.Nf3 d5 2.c4 c6 3.e3 Nf6 4.Nc3 a6 5.d4 b5 6.b3 Bg4 7.Qc2 e6 8.c5 Nbd7 9.Bb2 Be7
10.Bd3 O-O 11.Ne5 Nxe5 12.dxe5 Nd7 13.Bxh7+ Kh8 14.h3 Bh5 15.g4 g6 16.gxh5 Kxh7
17.O-O-O Bh4 18.Rhg1 Rg8 19.Rg2 Kh6 20.hxg6 Rxg6 21.Rxg6+ fxg6 22.Rg1 Qg8
23.Nd1 Qf7 24.f4 a5 25.Bd4 Qf5 26.Qg2 Be7 27.h4 Rg8 28.Rh1 Bxc5 29.Qg5+ Qxg5
30.hxg5+ Kg7 31.Nf2 Rh8 32.Rxh8 Kxh8 33.Bxc5 Nxc5 34.Kc2 Kg7 35.Ng4 Na6 36.a3 c5
37.Nf6 Kf7 38.Nd7 Ke7 39.Nf6 b4 40.axb4 cxb4  1/2-1/2

[Event "Gausdal Classics GMB"]
[Site "Gausdal NOR"]
[Date "2008.04.16"]
[Round "9"]
[White "Mader,Ma"]
[Black "Ofstad,P"]
[Result "1-0"]
[WhiteElo "2161"]
[BlackElo "2155"]

1.Nf3 d5 2.c4 c6 3.cxd5 cxd5 4.d4 Nc6 5.Nc3 e6 6.Bf4 Nf6 7.e3 Be7 8.Bd3 h6
9.O-O O-O 10.Rc1 Nh5 11.Be5 f5 12.Bb1 Bd7 13.h3 Be8 14.a3 Nf6 15.Qd3 Bh5
16.Bxf6 Rxf6 17.Ne5 Qe8 18.Nb5 Rc8 19.Nxc6 bxc6 20.Nc3 Bd6 21.Qa6 Rd8 22.f4 c5
23.Rf2 cxd4 24.exd4 Qd7 25.Na4 Bb8 26.Nc5 Qe7 27.b4 g5 28.Qb7 Qd6 29.Na6 Rf7
30.Qb5 gxf4 31.Rc6 Qe7 32.Nxb8 f3 33.Rc1 Rg7 34.Rcc2 Be8 35.Nc6 Bxc6 36.Qxc6 Qh4
37.Qxe6+ Kh8 38.Rxf3 Qxd4+ 39.Kh2 Rdg8 40.Qxh6+ Rh7 41.Qd2 Qe5+ 42.Kg1 Rhg7
43.Qd1 Qe4 44.Rcf2  1-0

[Event "Mediana"]
[Site "Nis SRB"]
[Date "2008.04.17"]
[Round "7"]
[White "Milchev,N"]
[Black "Kostic,VG"]
[Result "1/2-1/2"]
[WhiteElo "2415"]
[BlackElo "2415"]

1.Nf3 d5 2.c4 c6 3.cxd5 cxd5 4.d4 Nf6 5.Nc3 Nc6 6.Bf4 e6 7.e3 a6 8.Bd3 Be7
9.O-O O-O 10.Rc1 Nh5 11.Bg3 Nxg3 12.hxg3 Bd7 13.e4 dxe4 14.Bxe4 Bf6 15.d5 Nb4
16.dxe6 Bxe6 17.Qa4 Qb6 18.a3 Na2 19.Nxa2 Bxa2 20.b4 Be6 21.Rc5 Be7 22.Ra5 Qc7
23.Qd1 Rad8 24.Qb1 h6 25.Rc1 Qb6 26.Re1 Bd6 27.Ne5 Qc7 28.Rc1 Qb8 29.Nc4 Bc7
30.Rh5 Qa7 31.Ne5 Bxe5 32.Rxe5 Qd4 33.Bh7+ Kh8 34.Re3 Qd2 35.Be4 b6 36.Qc2 Qxc2
37.Rxc2 Rd1+ 38.Kh2 Rfd8 39.Rc6 R8d6 40.Rc7 g5 41.f4 Kg7 42.f5 Bd7 43.g4 Kf6
44.Kg3 R1d2 45.Ra7 Bb5 46.Rb7 Re2 47.Rxe2 Bxe2 48.Bf3 Bb5 49.Kf2 Bc4 50.a4 Ke5
51.Ke3 Rd3+ 52.Kf2 Rd2+ 53.Ke3 Rd3+ 54.Kf2 Rd2+ 55.Ke3  1/2-1/2

[Event "Open"]
[Site "Senj CRO"]
[Date "2008.04.18"]
[Round "3"]
[White "Rukavina,J"]
[Black "Loncar,R"]
[Result "1/2-1/2"]
[WhiteElo "2398"]
[BlackElo "2441"]

1.Nf3 d5 2.c4 c6 3.d4 Nf6 4.Nbd2 g6 5.e3 Bg7 6.Be2 O-O 7.O-O Bg4 8.h3 Bxf3
9.Nxf3 Nbd7 10.cxd5 cxd5 11.Qb3 Qb8 12.Bd2 e6 13.Rfc1 Ne4 14.Be1 Rc8 15.Rc2 Rxc2
16.Qxc2 Bf8 17.Bd3 Nef6 18.Rc1 Bd6 19.Qb3 Kg7 20.a4 h6 21.a5 a6 22.Rc2 g5
23.Bc3 Kg8 24.Qa4 Bc7 25.b4 Qd8 26.Ne5 Nxe5 27.dxe5 Nd7 28.Qa1 Rc8 29.f4 Bb8
30.Bd4 Rxc2 31.Bxc2 Bc7 32.Qf1 Nf8 33.Qe2 Ng6 34.Qg4 Kg7 35.f5 Nxe5 36.fxe6 Qf6
37.Qf5 Qxe6 38.Qh7+ Kf8 39.Qh8+ Ke7 40.Ba4 Nc6 41.Bxc6 Qxc6 42.Bc5+ Kd7 43.Qf8 Qe6
44.Bd4 h5 45.Qh8 h4 46.Qh7 Bd6 47.b5 axb5 48.Qd3 Bg3 49.Qxb5+ Qc6 50.Qb1 Ke6
51.Qa1 Qc2 52.Qf1 f5 53.a6 bxa6 54.Qxa6+ Bd6 55.Qa1 g4 56.hxg4 fxg4 57.Qf1 Be7
58.Qa6+ Kf5 59.Qf1+ Kg6 60.Qa1 g3 61.Qf1 h3 62.Be5 Bh4 63.Bf4 Qf2+ 64.Qxf2 gxf2+
65.Kf1 hxg2+ 66.Kxg2 Kf5 67.Bc7 Ke4 68.Bb6 Kd3 69.Kf1 Bg3 70.Ba7 Ke4 71.Kg2 Kf5
72.Bb6 Bh4 73.Ba7 Ke4 74.Bb6 Kd3 75.Kf1 Bg3 76.Ba7 Kc4 77.Ke2 Kb5 78.e4 dxe4
79.Bxf2 Bf4 80.Be3  1/2-1/2

[Event "IX EICC"]
[Site "Plovdiv BUL"]
[Date "2008.04.21"]
[Round "1"]
[White "Georgiev,Vl"]
[Black "Beinoras,M"]
[Result "1/2-1/2"]
[WhiteElo "2572"]
[BlackElo "2339"]

1.Nf3 d5 2.c4 c6 3.e3 Nf6 4.b3 Bf5 5.Nc3 e6 6.Bb2 Nbd7 7.Be2 h6 8.O-O Bd6
9.d3 O-O 10.e4 Bg6 11.cxd5 exd5 12.Nxd5 cxd5 13.e5 Be7 14.exf6 Bxf6 15.Qd2 Bxb2
16.Qxb2 Qf6 17.Qxf6 Nxf6 18.Rfe1 Rfc8 19.Nd4 a6 20.f4 Bh5 21.Kf2 Bxe2 22.Kxe2 g6
23.h3 Ne8 24.b4 Kf8 25.Kd2  1/2-1/2

[Event "II Open"]
[Site "La Laguna ESP"]
[Date "2008.04.22"]
[Round "2"]
[White "Jaracz,P"]
[Black "Leon Varela,L"]
[Result "1-0"]
[WhiteElo "2510"]
[BlackElo "2163"]

1.Nf3 d5 2.c4 c6 3.e3 Nf6 4.Nc3 e6 5.b3 Nbd7 6.Qc2 Bd6 7.Be2 O-O 8.O-O Re8
9.d4 dxc4 10.bxc4 e5 11.Rd1 e4 12.Nd2 Qe7 13.a4 c5 14.Nb3 a6 15.a5 h5 16.h3 Ng4
17.Qxe4 cxd4 18.Qxe7 Bxe7 19.Nd5 d3 20.Bxd3 Nge5 21.Nc7 Nxd3 22.Rxd3 Ne5
23.Rd5 Be6 24.Rxe5 Bf6 25.Rxe6  1-0

[Event "IX EICC"]
[Site "Plovdiv BUL"]
[Date "2008.04.22"]
[Round "2"]
[White "Orlov,O2"]
[Black "Vasilev,M"]
[Result "1/2-1/2"]
[WhiteElo "2285"]
[BlackElo "2469"]

1.Nf3 d5 2.c4 c6 3.b3 Nf6 4.Bb2 Bg4 5.Ne5 Bh5 6.g3 e6 7.Bg2 Be7 8.O-O O-O
9.d4 Nbd7 10.Nd3 Qb6 11.Nd2 h6 12.Nf4 Bg4 13.f3 Bf5 14.Kh1 Bb4 15.Nd3 Bxd3
16.exd3 c5 17.dxc5 Bxc5 18.f4 Bd4 19.Bxd4 Qxd4 20.Nf3 Qb6 21.Qe2 a5 22.Ne5 Rfd8
23.g4 Qd4 24.Rae1 a4 25.g5 Nxe5 26.fxe5 Nh7 27.gxh6 axb3 28.axb3 dxc4 29.dxc4 g6
30.Rd1 Qh4 31.Qf3 Rf8 32.Rd7 Ng5 33.Qf4 Qxf4 34.Rxf4 Ra1+ 35.Rf1 Rxf1+ 36.Bxf1 Rb8
37.c5 Nf3 38.Bg2 Nxe5 39.Rxb7 Rc8 40.b4 Kh7 41.Rb6 Nd7 42.Rd6 Nxc5 43.bxc5 Rxc5
44.Be4 Kxh6 45.Kg2 Kg5 46.Kg3 Rc3+ 47.Bf3 Ra3 48.Rb6 Rc3 49.Rd6 Ra3  1/2-1/2

[Event "IX EICC"]
[Site "Plovdiv BUL"]
[Date "2008.04.23"]
[Round "3"]
[White "Andreikin,D"]
[Black "Kaplan,S"]
[Result "1-0"]
[WhiteElo "2580"]
[BlackElo "2428"]

1.Nf3 d5 2.c4 c6 3.e3 Nf6 4.Nc3 e6 5.b3 Bd6 6.Bb2 O-O 7.Qc2 Nbd7 8.Be2 b6
9.g4 Nxg4 10.Rg1 f5 11.h3 Ngf6 12.Nd4 Qe8 13.cxd5 cxd5 14.Ncb5 Be5 15.Nc7 Bxc7
16.Qxc7 Rb8 17.Qd6 Rf7 18.Nxe6  1-0

[Event "26th Metz Open"]
[Site "Metz St Symphorien FRA"]
[Date "2008.04.24"]
[Round "6"]
[White "Saatdjian,T"]
[Black "Stephanus,J"]
[Result "1-0"]
[WhiteElo "2311"]
[BlackElo "1991"]

1.Nf3 d5 2.c4 d4 3.g3 c5 4.b4 cxb4 5.a3 bxa3 6.Bxa3 f6 7.e3 Nc6 8.Bg2 e5
9.Bxf8 Kxf8 10.O-O Nge7 11.Qb3 Be6 12.exd4 e4 13.d5 exf3 14.Qxf3 Ne5 15.Qb3 Nxc4
16.dxe6 Nd6 17.Nc3 Qc8 18.Rfe1 Qc5 19.Na4 Qd4 20.Nb6 Re8 21.Nd7+ Kg8 22.Ra4  1-0

[Event "IX EICC"]
[Site "Plovdiv BUL"]
[Date "2008.04.24"]
[Round "4"]
[White "Georgescu,T"]
[Black "Radulski,J"]
[Result "0-1"]
[WhiteElo "2384"]
[BlackElo "2514"]

1.Nf3 d5 2.c4 e6 3.g3 Nf6 4.Bg2 Be7 5.O-O O-O 6.d4 dxc4 7.Qc2 a6 8.Qxc4 b5
9.Qc2 Bb7 10.Bd2 Be4 11.Qc1 c6 12.a4 b4 13.Be3 Nbd7 14.Nbd2 Bd5 15.Qc2 c5
16.dxc5 Rc8 17.Nb3 Ng4 18.Bd4 e5 19.Bh3 Nxh2 20.Kxh2 exd4 21.Nfxd4 Rc7 22.e4 Bxb3
23.Nxb3 Nxc5 24.Nxc5 Rxc5 25.Qe2 Qa5 26.Rfd1 Bf6 27.Rd6 Qc7 28.Rxf6 gxf6
29.Bf5 Rd8 30.Kg2 Rc2 31.Qg4+ Kf8  0-1

[Event "IX EICC"]
[Site "Plovdiv BUL"]
[Date "2008.04.25"]
[Round "5"]
[White "Wells,P"]
[Black "L'Ami,E"]
[Result "0-1"]
[WhiteElo "2521"]
[BlackElo "2600"]

1.Nf3 d5 2.c4 e6 3.d4 Nf6 4.Nc3 c6 5.Bg5 h6 6.Bxf6 Qxf6 7.g3 Nd7 8.Bg2 dxc4
9.O-O Be7 10.a4 a5 11.Ne4 Qf5 12.Ned2 e5 13.e4 Qe6 14.Re1 Bb4 15.d5 Qf6 16.Rc1 Nb6
17.Re3 O-O 18.Nxc4 Nxc4 19.Rxc4 Bd7 20.Ne1 cxd5 21.exd5 Rac8 22.Rxc8 Rxc8
23.Nd3 Bd6 24.h4 g6 25.Qe1 Bxa4 26.Qxa5 Bc2 27.Qd2 h5 28.Bh3 Rc7 29.Bg2 Kg7
30.Re1 Ba4 31.Rc1 Qe7 32.b4 Rxc1+ 33.Qxc1 b6 34.Qc4 Qc7 35.Nb2 Bd7 36.Qxc7 Bxc7
37.Nc4 Kf6 38.d6 Bd8 39.Bb7 Ke6 40.Ba6 Kd5 41.Kf1 Kd4 42.Ke2 Be6 43.Nd2 Kc3
44.b5 Kb4 45.Ke3 f5 46.Nf3 Bf6 47.Ng5 Bxg5+ 48.hxg5 Kc5 49.Bb7 Bd7 50.f4 e4
51.Ba6 Kxd6 52.Kd4 Kc7 53.Ke3 Bc8  0-1

[Event "IX EICC"]
[Site "Plovdiv BUL"]
[Date "2008.04.25"]
[Round "5"]
[White "Margvelashvili,G"]
[Black "Miton,K"]
[Result "1/2-1/2"]
[WhiteElo "2455"]
[BlackElo "2620"]

1.Nf3 d5 2.c4 c6 3.g3 Nf6 4.Bg2 dxc4 5.O-O g6 6.Na3 Bg7 7.Nxc4 O-O 8.Qc2 Ne8
9.d4 Nd6 10.e4 Nxc4 11.Qxc4 Nd7 12.Be3 Nf6 13.Ne5 Ng4 14.Nxg4 Bxg4 15.h3 Be6
16.Qa4 Qd7 17.Kh2 f5 18.d5 cxd5 19.Qxd7 Bxd7 20.exd5 e5 21.dxe6  1/2-1/2

[Event "3rd Open"]
[Site "Angers FRA"]
[Date "2008.04.26"]
[Round "3"]
[White "Lesbros,B"]
[Black "Caillot,A"]
[Result "1-0"]
[WhiteElo "2036"]
[BlackElo "1755"]

1.Nf3 d5 2.c4 c6 3.d4 e6 4.Qc2 Nf6 5.Nbd2 Nbd7 6.b3 Bd6 7.Bb2 O-O 8.g3 Re8
9.Bg2 e5 10.dxe5 Nxe5 11.O-O dxc4 12.Nxc4 Nxc4 13.Qxc4 Be6 14.Qc2 h6 15.Rad1 Bd5
16.Nh4 Be6 17.Bxf6 gxf6 18.Nf5  1-0

[Event "3rd Open"]
[Site "Angers FRA"]
[Date "2008.04.26"]
[Round "4"]
[White "Hadet,E"]
[Black "Relaix,G"]
[Result "1-0"]
[WhiteElo "2010"]
[BlackElo "1820"]

1.Nf3 d5 2.c4 c6 3.b3 e6 4.Bb2 Nf6 5.g3 Nbd7 6.Bg2 Bd6 7.O-O O-O 8.d4 b6
9.Nbd2 Bb7 10.Qc2 Rc8 11.e4 dxe4 12.Ng5 c5 13.Ndxe4 Nxe4 14.Nxe4 Be7 15.Rad1 Qc7
16.d5 exd5 17.cxd5 Bd6 18.Ng5 g6 19.f4 Rfe8 20.Qc3 f6 21.Ne6 Qb8 22.h4 c4
23.bxc4 Ba6 24.Qf3 Rxc4 25.Rfe1 Rc2 26.Bd4 Qc8 27.h5 Nc5 28.hxg6 hxg6 29.Qg4 Nxe6
30.dxe6 Kg7 31.Be4 Rxe6 32.Qxg6+ Kf8 33.Qh6+ Ke7 34.Qh7+ Ke8 35.Bxc2 Be7  1-0

[Event "IX EICC"]
[Site "Plovdiv BUL"]
[Date "2008.04.26"]
[Round "6"]
[White "Sebenik,M"]
[Black "Zelcic,R"]
[Result "1-0"]
[WhiteElo "2502"]
[BlackElo "2591"]

1.Nf3 d5 2.c4 e6 3.g3 Nf6 4.Bg2 a6 5.d4 dxc4 6.O-O Nc6 7.e3 Bd7 8.Nc3 Nd5
9.Nd2 Nxc3 10.bxc3 b5 11.Qg4 Rb8 12.a4 e5 13.Qe4 Bd6 14.axb5 axb5 15.Ra6 f5
16.Qc2 e4 17.f3 Qc8 18.Qa2 b4 19.Bb2 bxc3 20.Bxc3 Bb4 21.Nxc4 Bxc3 22.Rxc6 Bxc6
23.Ne5 Rf8 24.Nxc6 Rb6 25.Qc4 Bd2 26.fxe4 Qd7 27.exf5 Rf6 28.Ra1 Rbxc6 29.Qg8+ Ke7
30.Qxg7+ Rf7 31.Qe5+ Re6 32.fxe6 Qxe6 33.Qxc7+ Kf8 34.Qd8+ Kg7 35.Qg5+ Qg6
36.Qe5+ Kh6 37.g4 Bc3 38.g5+ Kh5 39.Rc1 Bd2 40.Rd1 Qd3 41.Kh1 Rf5 42.Qg7 Qxe3
43.Qh6+ Kg4 44.Bh3+ Kf3 45.Rf1+ Ke2 46.Qa6+  1-0